| 000 | 00952nam a22002537a 4500 | ||
|---|---|---|---|
| 005 | 20150812164928.0 | ||
| 010 | _aENG-113613 | ||
| 020 |
_c695..00 _a9788125052333 |
||
| 035 | _aEN-97145 | ||
| 037 | _bDBAD/PUB | ||
| 082 | _a364.1680954 | ||
| 100 | _aAtal, Yogesh | ||
| 245 |
_aCombating corruption : _cby Yogesh Atal [and] Sunil K.Choudhary _bthe Indian case / |
||
| 260 |
_aNew Delhi _bOrient Blackswan _c2014 |
||
| 270 |
_a1/24 Asaf Ali Road _bNew Delhi _e110002 |
||
| 300 |
_axvii,291p. : _c23cm(Hb) _bill.,map |
||
| 500 | _a Includes bibliographical references (pages 277-282) and index. | ||
| 505 | _a Pt. 1. Corruption: a social science perspective -- pt. 2. Corruption syndrome in India -- pt. 3. Expression of public anger. | ||
| 650 |
_aCorruption _zIndia. |
||
| 650 |
_a Political corruption _zIndia. |
||
| 650 |
_aProtest movements _zIndia. |
||
| 700 | _aChoudhary, Sunil K. | ||
| 942 |
_2ddc _cEN _mATA _h364.1680954 |
||
| 999 |
_c95118 _d95118 |
||